La Belgique de A à Z - Statistiques

Statistiques générales
  • Ce quiz a été pris 1 595 fois
  • Le résultat moyen est 16 sur 26
Statistiques - réponses
Lettre Indice Réponse % Correct
B Ville de l'ouest de la Belgique réputée pour son beffroi et ses canaux Bruges
92%
F Région néerlandophone du nord de la Belgique Flandre
88%
W Commune belge qui a été le théâtre d'une célèbre bataille napoléonienne Waterloo
86%
H Auteur de bande dessinée principalement connu pour "Les Aventures de Tintin" Hergé
84%
S Artiste belge qui est l'un des premiers à avoir dépassé le milliard de vues sur YouTube avec une chanson en français Stromae
80%
A Monument emblématique de Bruxelles, construit pour l'Exposition universelle de 1958 Atomium
77%
P Personnage de fiction belge créé par Agatha Christie Hercule Poirot
76%
U Organisation politico-économique qui siège à Bruxelles Union Européenne
76%
V Acteur et pratiquant d'arts martiaux qui a joué dans "Universal Soldier" et "Timecop" Jean-Claude Van Damme
75%
G Pâtisserie emblématique de la ville de Liège Gaufre
72%
Z Nom porté par la République démocratique du Congo entre 1971 et 1997, ancienne colonie belge Zaïre
69%
C Commune industrielle wallone, la plus peuplée de la région Charleroi
66%
K Abréviation de 3 lettres utilisée pour réduire le nom d'un footballer belge qui à remporté la Ligue des Champion avec Manchester City en 2023 KDB (Kevin De Bruyne)
66%
N Capitale de la Wallonie situé au confluent de la Meuse et de la Sambre Namur
66%
L Attaquant belge qui a évolué au sein des clubs du RSC Anderlecht, Chelsea FC et Inter Milan Romelu Lukaku
66%
J Une des marques détenues par cette dernière, elle donne son nom au championnat de football du pays Jupiler
59%
O Plus grande station balnéaire du littoral belge Ostende
55%
E Actrice belge qui remporte un César pour son rôle dans "Revoir Paris" en 2023 Virginie Efira
54%
M Peintre surréaliste belge, il a peint "Le Fils de l'homme" et "La Trahison des images" René Magritte
53%
X
Rappeur qui a sorti le morceau "Χ. ZWAAR" dans l'album "QALF Infinity"
(la réponse ne contient pas la lettre "X")
Damso
52%
D Industrie fortement liée à la ville d'Anvers, qui représente à elle seule 70% du commerce mondial Diamant
50%
Q Personnage historique né à Gand, il est principalement connu pour avoir été l'Empereur du Saint-Empire romain germanique entre 1520 et 1558 Charles Quint
45%
Y Ville de l'ouest de la Belgique théâtre plusieurs batailles durant la Première Guerre mondiale Ypres
44%
T Bière brassée sous le contrôle de certains moines, la Chimay et la Westmalle en sont des exemples célèbres Trappiste
35%
R Ville wallonne connue pour sa bière, elle partage son nom avec une ville de Charente-Maritime Rochefort
28%
I Entreprise belgo-brésilienne qui s'est associée à Anheuser-Busch pour former le plus grand groupe brassicole au monde InBev
15%
Aucun quiz correspondant
Distribution des résultats
% des personnes avec chaque résultat
Percentile par nombre de réponses
Votre historique - résultats
Vous n’avez pas pris ce quiz